MARC details
| 000 -CABECERA |
| campo de control de longitud fija |
00921cam a2200265 a 4500 |
| 001 - NÚMERO DE CONTROL |
| campo de control |
000006613 |
| 003 - IDENTIFICADOR DEL NÚMERO DE CONTROL |
| campo de control |
DO-SdBNP |
| 005 - FECHA Y HORA DE LA ÚLTIMA TRANSACCIÓN |
| campo de control |
20251029091110.0 |
| 008 - DATOS DE LONGITUD FIJA--INFORMACIÓN GENERAL |
| campo de control de longitud fija |
890518s1978 ve a s000 0bspa |
| 035 ## - NÚMERO DE CONTROL DEL SISTEMA |
| Número de control de sistema |
(DLC) 84100512 |
| 040 ## - FUENTE DE LA CATALOGACIÓN |
| Centro catalogador/agencia de origen |
DO-SdBNP |
| Centro/agencia transcriptor |
DLC |
| Centro/agencia modificador |
DLC |
| -- |
BNPHU |
| 049 ## - FONDOS LOCALES (OCLC) |
| Fondos de biblioteca |
BNGR |
| 082 ## - NÚMERO DE LA CLASIFICACIÓN DECIMAL DEWEY |
| Número de clasificación |
928.87 |
| Número de documento/Ítem |
H519t, 1978 |
| 100 1# - ENTRADA PRINCIPAL--NOMBRE DE PERSONA |
| Nombre de persona |
Henríquez Vera, Rigoberto, |
| 9 (RLIN) |
18350 |
| 245 10 - MENCIÓN DE TÍTULO |
| Título |
Tejera el desterrado : |
| Resto del título |
un Quijote con dos patrias, Venezuela y México / |
| Mención de responsabilidad, etc. |
Rigoberto Henríquez Vera. |
| 250 ## - MENCIÓN DE EDICIÓN |
| Mención de edición |
2a. ed. |
| 260 ## - PUBLICACIÓN, DISTRIBUCIÓN, ETC. |
| Lugar de publicación, distribución, etc. |
Caracas : |
| Nombre del editor, distribuidor, etc. |
Oficial del Estado Mérida, |
| Fecha de publicación, distribución, etc. |
1978. |
| 300 ## - DESCRIPCIÓN FÍSICA |
| Extensión |
392 p. : |
| Otras características físicas |
il. ; |
| Dimensiones |
23 cm. |
| 504 ## - NOTA DE BIBLIOGRAFÍA, ETC. |
| Nota de bibliografía, etc. |
Bibliografías: p. 379-383. |
| 600 10 - PUNTO DE ACCESO ADICIONAL DE MATERIA--NOMBRE DE PERSONA |
| Nombre de persona |
Tejeda, Humberto, |
| Fechas asociadas al nombre |
1890-1971 |
| Subdivisión general |
Exilio |
| Subdivisión geográfica |
México |
| 9 (RLIN) |
18351 |
| 650 #4 - PUNTO DE ACCESO ADICIONAL DE MATERIA--TÉRMINO DE MATERIA |
| Término de materia o nombre geográfico como elemento de entrada |
Autores venezolanos |
| Subdivisión de forma |
Siglo XX |
| 9 (RLIN) |
16628 |
| Subdivisión cronológica |
Biografía |
| 651 #7 - PUNTO DE ACCESO ADICIONAL DE MATERIA--NOMBRE GEOGRÁFICO |
| Nombre geográfico |
Venezuela |
| Subdivisión general |
Política y gobierno |
| Subdivisión cronológica |
Siglo XX |
| 9 (RLIN) |
26230 |
| 910 ## - DATOS DE OPCIÓN DEL USUARIO (OCLC) |
| Datos de opción del usuario |
Catalogación por copia / LC |
| 942 ## - ELEMENTOS DE PUNTO DE ACCESO ADICIONAL (KOHA) |
| Fuente del sistema de clasificación o colocación |
Dewey Decimal Classification |
| Tipo de ítem Koha |
Libro |